| 000 | 00519pam a2200157 a 4500 | ||
|---|---|---|---|
| 020 | _a0075571323 : | ||
| 040 | _cDLC | ||
| 082 | 0 | 0 | _a959 HIL 1990 A100 Or. |
| 245 | 0 | 0 |
_aTo reason why : _bthe debate about the causes of U.S. involvement in the Vietnam War / |
| 260 |
_aNew York, N.Y. : _bMcGraw-Hill, _cc1990. |
||
| 300 |
_axvii, 355 p. : _bill., map ; _c23 cm. |
||
| 650 | 0 | _aVietnam War, 1961-1975 | |
| 700 | 1 | _aKimball, Jeffrey P. | |
| 856 | 4 | 2 | _uhttp://www.loc.gov/catdir/description/mh022/89012158.html |
| 942 | _cEK | ||
| 999 |
_c12853 _d12853 |
||